[Event "Galicia-ch U14"]
[Site "Padron"]
[Date "2022.02.26"]
[Round "1"]
[White "Cereijo Suarez, Nerea"]
[Black "Penin Rodriguez, Manolo"]
[Result "1-0"]
[WhiteElo "1607"]
[BlackElo "1056"]
[PlyCount "63"]
[EventDate "2022.02.26"]
[EventType "swiss"]
[EventRounds "8"]
[EventCountry "ESP"]
[SourceTitle "EXT 2023"]
[Source "ChessBase"]
[SourceDate "2022.10.05"]
[SourceVersion "1"]
[SourceVersionDate "2022.10.05"]
[SourceQuality "1"]

1. d4 d5 2. Nf3 Nc6 3. Bf4 Nf6 4. e3 Bf5 5. c3 e6 6. Nbd2 Bd6 7. Ne5 Nxe5 8. dxe5 Ne4 9. exd6 cxd6 10. Nxe4 Bxe4 11. Qa4+ Qd7 12. Bb5 Rd8 13. Bxd7+ Rxd7 14. Bxd6 d4 15. cxd4 Bc6 16. Qa3 f6 17. 0-0 h5 18. h4 Rh6 19. Bf4 g5 20. hxg5 fxg5 21. Bxg5 Rg6 22. f4 h4 23. Qxa7 Kf7 24. Qb8 h3 25. gxh3 e5 26. fxe5+ Ke6 27. Qe8+ Kd5 28. Qxg6 Kc4 29. Qc2+ Kd5 30. Qd3 Rg7 31. Rf6 Rd7 32. e4# 1-0